00373nam a2200109Ia 4500008004100000082000800041100002100049245007700070942000600147952009500153999001500248240331s9999 xx 000 0 und d bThi aThiruchandran, S 0aPenkalin vaimoli Illakiyam thaladdu oppari pattiya oru samuhaviyal nokku cL 001040708LaWERCLbWERCLcSSCd2024-03-31l0o 305 Thip4829r2024-03-31w2024-03-31yL c1505d1505